000 00685nam a2200241Ia 4500
003 OSt
005 20220927104507.0
006 a|||||r|||| 00| 0
007 ta
008 220926b |||||||| |||| 00| 0 eng d
024 _a158810
037 _cReference Collections
040 _aRTL
_cRTL
_beng
041 _2eng
_aeng
082 _a"X71.213.N80, M0"
110 _aKarnatak (Govt. of-)
_9366199
245 0 _aDetailed estimates of revenue and others receiptm 1980-81
260 _c1980
300 _a"xi,109p"
_ccm.
700 _aKarnatak (Govt. of-)
_9366200
942 _h"X71.213.N80, M0"
_cCC
999 _c687721
_d687721